Riconosci il Pokémon - Quiz n°744 - Statistics

Statistiche generali
  • Questo quiz è stato fatto 1 volte
  • Il punteggio medio è 10 su 10
Statistiche sulle risposte
Indizio Riposta % Corretto
Altezza 1,5 m
100%
Peso 47 kg
100%
Sesso 50% ♂, 50% ♀
100%
Tasso di cattura 80 (18.4%)
100%
Tipo Buio / Psico
100%
Abilità Inversione; Ventose; Intrapasso
100%
Pokémon Malamar
100%
Tasso di allevamento Medio-Veloce
100%
Stadio evoluzione Prima evoluzione
100%
Generazione Sesta
100%
Nessun quiz corrispondente trovato
Distribuzione punteggi
Percentuale di utenti per punteggio
Percentile per numero di risposta
I tuoi punteggi nel tempo
Non hai fatto questo quiz